| 000 | 00410cam a22001217a 4500 | ||
|---|---|---|---|
| 008 | 180718b-- xxu||||| |||| 00| 0 eng d | ||
| 082 | _aT19065x54 RB/S | ||
| 245 |
_aHandbook of statistics on state government finances _cby Reserve Bank of India |
||
| 260 |
_aMumbai _bReserve Bank of India _c-- |
||
| 500 | _aLibrary has 2004 | ||
| 650 | _aIndia - Economic conditions - Statistics | ||
| 700 | _aReserve Bank of India | ||
| 999 |
_c490570 _d490570 |
||